Joueurs passés par le FC Nantes - Mort subite - Statistiques

Statistiques générales
  • Ce quiz a été pris 1 382 fois
    264 depuis la dernière actualisation
  • Le résultat moyen est 15 sur 20
Answers on the Grid
Answers color-coded by a green-red scale on the quiz's grid according to % correct below.
Pierrick Capelle
Moses Simon
Nicolas Pallois
Didier Deschamps
Dimitri Payet
Randal Kolo Muani
Anthony Limbombe
Marama Vahirua
Maxime Bossis
Henri Michel
Léo Dubois
Ludovic Blas
Marcel Desailly
Emiliano Sala
Mickaël Landreau
Lionel Messi
Andy Delort
Lorik Cana
Samuel Moutoussamy
Jordan Veretout
Matthis Abline
William Gallas
Chadrac Akolo
Brice Samba
Rémy Cabella
Kay Voser
Youcef Atal
Eduardo Camavinga
Pedro Rebocho
Wahbi Khazri
Enzo Millot
Laurent Koscielny
 
Statistiques - réponses
Réponse % Correct
Nicolas Pallois
87%
Ludovic Blas
84%
Randal Kolo Muani
84%
Emiliano Sala
83%
Matthis Abline
83%
Jordan Veretout
82%
Moses Simon
82%
Léo Dubois
81%
Didier Deschamps
79%
Marcel Desailly
79%
Samuel Moutoussamy
79%
Mickaël Landreau
78%
Rémy Cabella
78%
Dimitri Payet
76%
Andy Delort
69%
Anthony Limbombe
61%
Henri Michel
56%
Maxime Bossis
52%
Lorik Cana
51%
Marama Vahirua
51%
Aucun quiz correspondant
Distribution des résultats
% des personnes avec chaque résultat
Percentile par nombre de réponses
Votre historique - résultats
Vous n’avez pas pris ce quiz depuis la dernière actualisation